000 00452nam a22001817a 4500
003 OSt
005 20260217124909.0
008 260217b |||||||| |||| 00| 0 eng d
020 _a9780143476184
082 _a342.54
_bCHAW
100 _aChandrachud, D.Y.
245 _aWhy the constitution matters: Selected speeches
260 _aHaryana
_bPenguin Random House
_c2025
300 _a570p
546 _aEnglish
650 _aLaw
942 _2ddc
_cBK
999 _c3942
_d3942